000 01267nam a2200337 c 4500
003 BLK
005 20240704005340.0
008 180411b bul|||||r ||||||| ||bul||
010 _aKNG00194706000
040 _aBLK
041 _aBUL
_cBUL
080 _aРуска литература
_b821.161.1
_x-1
_z821.161.1-1
080 _aФренска литература
_b821.133.1
_x-1
_z821.133.1-1
080 _aАнглийска литература
_b821.111
_x-1
_z821.111-1
700 1 _aТодоров, Илия
_eподб., предг. и бел.
_9365353
139 _aКонстантинов, Алеко Иваницов
_bК 82
245 1 0 _aИзбрани преводи
_cАлеко Иваницов Константинов; подб., предг. и бел. Илия Тодоров.
257 _aBGR
260 София
_bНар. култура
_c1987
300 _a272 с.
_b1 л. портр.
_c18 см
380 _aX
490 1 _aБългарски преводачи
500 _a1 325 тир.
653 _aпоезия
852 _aЦб І 23470
856 4 _qpdf
_u
856 4 _qpdf
_u
942 _cKNG
_n0
944 _aCR
_c28.10.2016
_k
_lCRON CRON
944 _aED
_c28.10.2016
_kЕлица_Владова
999 _c185712
_d185712